[Event "FRA-chT2 0405"]
[Site "France"]
[Date "2004.11.07"]
[Round "3.7"]
[White "Gollain, Marc"]
[Black "Prudhomme, Franck"]
[Result "1/2-1/2"]
[WhiteElo "2185"]
[BlackElo "2142"]
[PlyCount "49"]
[EventDate "2004.10.10"]
[EventType "team"]
[EventRounds "11"]
[EventCountry "FRA"]
[SourceTitle "EXT 2006"]
[Source "ChessBase"]
[SourceDate "2005.11.24"]
[SourceVersion "1"]
[SourceVersionDate "2005.11.24"]
[SourceQuality "1"]
[WhiteTeam "Bagneux"]
[BlackTeam "Le Touquet"]
[WhiteTeamCountry "FRA"]
[BlackTeamCountry "FRA"]

1. e4 d5 2. exd5 Nf6 3. Nf3 Bg4 4. d4 Qxd5 5. Nc3 Qh5 6. Bf4 Bxf3 7. Qxf3 Qxf3 8. gxf3 c6 9. Rg1 Nbd7 10. 0-0-0 Nd5 11. Bd2 Nxc3 12. Bxc3 Nf6 13. h4 e6 14. Ba5 g6 15. c4 Bh6+ 16. Kc2 0-0 17. Bc3 Bg7 18. Rg5 Rfd8 19. Bh3 Bh6 20. Ra5 b6 21. Ra6 Bg7 22. b4 h5 23. Bg2 Rd7 24. Rd3 Rad8 25. f4 1/2-1/2

[Event "FRA-chT2 0405"]
[Site "France"]
[Date "2004.11.06"]
[Round "2.5"]
[White "Prudhomme, Franck"]
[Black "Piot, Olivier"]
[Result "0-1"]
[WhiteElo "2142"]
[BlackElo "2240"]
[PlyCount "68"]
[EventDate "2004.10.10"]
[EventType "team"]
[EventRounds "11"]
[EventCountry "FRA"]
[SourceTitle "EXT 2006"]
[Source "ChessBase"]
[SourceDate "2005.11.24"]
[SourceVersion "1"]
[SourceVersionDate "2005.11.24"]
[SourceQuality "1"]
[WhiteTeam "Le Touquet"]
[BlackTeam "Rosny sous Bois"]
[WhiteTeamCountry "FRA"]
[BlackTeamCountry "FRA"]

1. e4 e5 2. d4 exd4 3. Nf3 Bb4+ 4. c3 dxc3 5. Nxc3 Nf6 6. Bc4 Nc6 7. e5 Bxc3+ 8. bxc3 Qe7 9. 0-0 Ng4 10. Qd5 0-0 11. Bg5 Qe6 12. Qe4 Qg6 13. Qxg4 d5 14. Nh4 Bxg4 15. Nxg6 hxg6 16. Bxd5 Nxe5 17. Bxb7 Rab8 18. Bd5 Rb5 19. c4 Nxc4 20. Bxc4 Rxg5 21. Rfe1 Bf3 22. Bf1 Rc8 23. h4 Rg4 24. g3 Rd4 25. Re7 Re4 26. Rd7 Bg4 27. Rd2 c5 28. Rc1 Be6 29. h5 gxh5 30. Ba6 Rb8 31. Rxc5 Ra4 32. Be2 g6 33. Rcc2 Rb1+ 34. Kg2 Ra1 0-1

[Event "FRA-chT3 North 0304"]
[Site "France"]
[Date "2004.01.18"]
[Round "5.1"]
[White "Loriette, Pierre"]
[Black "Prudhomme, Franck"]
[Result "0-1"]
[WhiteElo "2027"]
[BlackElo "2113"]
[PlyCount "90"]
[EventDate "2003.11.??"]
[EventType "team"]
[EventRounds "9"]
[EventCountry "FRA"]
[SourceTitle "EXT 2006"]
[Source "ChessBase"]
[SourceDate "2005.11.24"]
[SourceVersion "1"]
[SourceVersionDate "2005.11.24"]
[SourceQuality "1"]
[WhiteTeam "Boulogne sur Mer"]
[BlackTeam "Le Touquet"]
[WhiteTeamCountry "FRA"]
[BlackTeamCountry "FRA"]

1. d4 d5 2. c4 c6 3. Nf3 Nf6 4. Nc3 dxc4 5. Ne5 b5 6. g3 Bb7 7. Bg2 Qb6 8. 0-0 e6 9. e4 Bb4 10. Be3 0-0 11. a3 Bxc3 12. bxc3 Qa5 13. Qc2 Nbd7 14. Nxd7 Nxd7 15. a4 Qc7 16. a5 a6 17. f4 f5 18. Bc1 c5 19. d5 exd5 20. exd5 Rae8 21. Ba3 Qd6 22. Rab1 Re3 23. Rf3 Re7 24. Rd1 g6 25. Rf2 Rfe8 26. g4 Re1+ 27. Rf1 R1e2 28. Rd2 Qe7 29. Rxe2 Qxe2 30. Qxe2 Rxe2 31. gxf5 gxf5 32. Rf2 Re3 33. Rf3 Re1+ 34. Rf1 Re3 35. Rf3 Rd3 36. Rxd3 cxd3 37. Kf2 Kf7 38. Ke3 c4 39. Bf3 Nf6 40. Kd4 Bxd5 41. Bd1 Ke6 42. Kc5 Ne4+ 43. Kb6 Nxc3 44. Bh5 Nb1 45. Bb4 c3 0-1

[Event "Cannes Martinez op"]
[Site "Cannes"]
[Date "1996.??.??"]
[Round "5"]
[White "Jetzl, Joerg"]
[Black "Prudhomme, Franck"]
[Result "1-0"]
[WhiteElo "2210"]
[BlackElo "2095"]
[PlyCount "55"]
[EventDate "1996.08.??"]
[EventType "swiss"]
[EventRounds "9"]
[EventCountry "FRA"]
[SourceTitle "EXT 1998"]
[Source "ChessBase"]
[SourceDate "1997.11.17"]
[SourceVersion "1"]
[SourceVersionDate "1997.11.17"]
[SourceQuality "1"]

1. d4 Nf6 2. c4 e6 3. Nc3 Bb4 4. a3 Bxc3+ 5. bxc3 c5 6. e3 Nc6 7. Bd3 d6 8. Ne2 e5 9. 0-0 e4 10. Bb1 Bg4 11. f3 exf3 12. gxf3 Bh3 13. Rf2 Nh5 14. e4 Qh4 15. Be3 0-0-0 16. Qd2 g5 17. Bxg5 Rhg8 18. Rg2 Rxg5 19. Rxg5 h6 20. Rg3 Nxg3 21. hxg3 Qh5 22. Qf4 cxd4 23. cxd4 Qa5 24. Bc2 Be6 25. d5 Qc5+ 26. Kg2 Qxc4 27. Bd1 Nd4 28. Rc1 1-0

[Event "Cannes Martinez op"]
[Site "Cannes"]
[Date "1996.??.??"]
[Round "1"]
[White "Prudhomme, Franck"]
[Black "Carlhammar, Magnus"]
[Result "1/2-1/2"]
[WhiteElo "2095"]
[BlackElo "2310"]
[PlyCount "45"]
[EventDate "1996.08.??"]
[EventType "swiss"]
[EventRounds "9"]
[EventCountry "FRA"]
[SourceTitle "EXT 1998"]
[Source "ChessBase"]
[SourceDate "1997.11.17"]
[SourceVersion "1"]
[SourceVersionDate "1997.11.17"]
[SourceQuality "1"]

1. e4 e5 2. d4 exd4 3. Nf3 Nc6 4. c3 d5 5. exd5 Qxd5 6. cxd4 Bg4 7. Be2 Bb4+ 8. Nc3 Bxf3 9. Bxf3 Qc4 10. Bxc6+ bxc6 11. Qe2+ Qxe2+ 12. Kxe2 0-0-0 13. Be3 Ne7 14. Rac1 Nf5 15. Rhd1 Rhe8 16. Kf3 Nh4+ 17. Kg3 Nf5+ 18. Kf3 c5 19. dxc5 Nxe3 20. fxe3 Bxc5 21. Nd5 Bd6 22. e4 Re5 23. Ne3 1/2-1/2

[Event "Cannes Martinez op"]
[Site "Cannes"]
[Date "1996.??.??"]
[Round "3"]
[White "Touzane, Olivier"]
[Black "Prudhomme, Franck"]
[Result "1-0"]
[WhiteElo "2495"]
[BlackElo "2095"]
[PlyCount "65"]
[EventDate "1996.08.??"]
[EventType "swiss"]
[EventRounds "9"]
[EventCountry "FRA"]
[SourceTitle "EXT 1998"]
[Source "ChessBase"]
[SourceDate "1997.11.17"]
[SourceVersion "1"]
[SourceVersionDate "1997.11.17"]
[SourceQuality "1"]

1. d4 d5 2. c4 e6 3. Nc3 Nf6 4. cxd5 exd5 5. Bg5 Be7 6. e3 c6 7. Qc2 Nbd7 8. Bd3 0-0 9. Nge2 Re8 10. 0-0 Nf8 11. f3 g6 12. h3 Ne6 13. Bh4 Nh5 14. Bxe7 Qxe7 15. Qd2 Ng5 16. e4 Bxh3 17. e5 Bf5 18. Bxf5 gxf5 19. Nf4 Ng3 20. Nfxd5 cxd5 21. Nxd5 Nh3+ 22. gxh3 Qh4 23. Rf2 Kh8 24. Qf4 Qxh3 25. Rh2 Ne2+ 26. Rxe2 Rg8+ 27. Kf2 Rg2+ 28. Ke3 Rxe2+ 29. Kxe2 Qg2+ 30. Ke3 Qxb2 31. Rd1 Rc8 32. Qxf5 Qa3+ 33. Ke4 1-0

[Event "Cappelle op 10th"]
[Site "Cappelle la Grande"]
[Date "1994.??.??"]
[Round "7"]
[White "Araslanov, Farid"]
[Black "Prudhomme, Franck"]
[Result "1-0"]
[WhiteElo "2310"]
[BlackElo "2070"]
[PlyCount "50"]
[EventDate "1994.02.??"]
[EventType "swiss"]
[EventRounds "9"]
[EventCountry "FRA"]
[SourceTitle "TD"]
[Source "ChessBase"]
[SourceDate "1994.03.01"]
[SourceVersion "1"]
[SourceVersionDate "1994.03.01"]
[SourceQuality "1"]

1. c4 Nf6 2. Nc3 e6 3. Nf3 d5 4. d4 c6 5. e3 Nbd7 6. Bd3 Bd6 7. 0-0 0-0 8. e4 dxc4 9. Bxc4 e5 10. Bg5 h6 11. Bh4 Qe7 12. Bg3 b5 13. Bb3 b4 14. Nh4 Re8 15. Ng6 Qd8 16. dxe5 Nxe5 17. Nxe5 Bxe5 18. Qxd8 Rxd8 19. Bxe5 bxc3 20. Bxf6 gxf6 21. bxc3 Rd3 22. Rfd1 Ba6 23. Rxd3 Bxd3 24. f3 a5 25. Rd1 a4 1-0

[Event "Cappelle op 04th"]
[Site "Cappelle la Grande"]
[Date "1988.02.15"]
[Round "2"]
[White "Prudhomme, Franck"]
[Black "Bagirov, Vladimir"]
[Result "0-1"]
[WhiteElo "1990"]
[BlackElo "2480"]
[PlyCount "56"]
[EventDate "1988.02.14"]
[EventType "swiss"]
[EventRounds "9"]
[EventCountry "FRA"]
[SourceTitle "EXT 2002"]
[Source "ChessBase"]
[SourceDate "2001.11.25"]
[SourceVersion "1"]
[SourceVersionDate "2001.11.25"]
[SourceQuality "1"]

1. e4 Nf6 2. e5 Nd5 3. d4 d6 4. Nf3 g6 5. Bc4 Nb6 6. Bb3 Bg7 7. Ng5 d5 8. f4 f6 9. Nf3 a5 10. a4 Bg4 11. Nbd2 Na6 12. c3 fxe5 13. fxe5 0-0 14. 0-0 c5 15. Qe1 e6 16. Qg3 Bf5 17. Nh4 cxd4 18. Nxf5 Rxf5 19. Rxf5 exf5 20. cxd4 Nb4 21. Nf3 Nc4 22. Bg5 Qb6 23. Be7 Nd3 24. Bxc4 dxc4 25. Rf1 Bxe5 26. Bc5 Qxc5 27. dxc5 Bxg3 28. hxg3 Rc8 0-1

[Event "Cappelle op 03rd"]
[Site "Cappelle la Grande"]
[Date "1987.03.02"]
[Round "1"]
[White "Prudhomme, Franck"]
[Black "Gallagher, Joseph G"]
[Result "1/2-1/2"]
[WhiteElo "2020"]
[BlackElo "2340"]
[PlyCount "133"]
[EventDate "1987.03.02"]
[EventType "swiss"]
[EventRounds "9"]
[EventCountry "FRA"]
[SourceTitle "EXT 2004"]
[Source "ChessBase"]
[SourceDate "2003.11.25"]
[SourceVersion "1"]
[SourceVersionDate "2003.11.25"]
[SourceQuality "1"]

1. e4 c5 2. d4 cxd4 3. c3 dxc3 4. Nxc3 Nc6 5. Nf3 d6 6. Bc4 e6 7. 0-0 a6 8. Qe2 Be7 9. Rd1 Bd7 10. Bf4 e5 11. Be3 Nf6 12. Rac1 0-0 13. Bd5 Nxd5 14. Nxd5 Be6 15. Bb6 Qd7 16. Nxe7+ Qxe7 17. Qd3 Rac8 18. Qxd6 Qxd6 19. Rxd6 Nd4 20. Rxc8 Rxc8 21. Rd8+ Rxd8 22. Bxd8 Nxf3+ 23. gxf3 Bxa2 24. Kf1 Bc4+ 25. Ke1 f6 26. Kd2 Kf7 27. Ke3 Ke8 28. Ba5 Kd7 29. f4 exf4+ 30. Kxf4 Be6 31. Bc3 b6 32. Ke3 Kc6 33. Bb4 g6 34. Bc3 f5 35. exf5 Bxf5 36. Kf4 Kd5 37. Kg5 h5 38. Kf4 a5 39. Ke3 Kc4 40. Kd2 a4 41. Bf6 b5 42. h4 Kb3 43. Kc1 b4 44. f4 Be4 45. Be5 Kc4 46. Bd6 Bf5 47. Kd2 Kb3 48. Kc1 Bd7 49. Be5 Bb5 50. Bf6 Bc6 51. Be5 Kc4 52. Bd6 b3 53. Kd2 Kd5 54. Be7 Kd4 55. Bf6+ Ke4 56. Bg5 Kd4 57. Bf6+ Kc4 58. Be7 Be4 59. Bf6 Bf5 60. Be7 Kd4 61. Bf6+ Ke4 62. Bg5 Kf3 63. Kc3 Bd7 64. Kb4 Ke2 65. Ka3 Kd3 66. Bf6 Ke4 67. Bg5 1/2-1/2